Все Города Архангельской области - Statistics

General Stats
  • This quiz has been taken 26 times
  • The average score is 7 of 13
Answer Stats
Города % Correct
Архангельск
100%
Северодвинск
90%
Котлас
76%
Онега
67%
Вельск
62%
Каргополь
62%
Новодвинск
57%
Мезень
57%
Няндома
52%
Коряжма
48%
Мирный
43%
Сольвычегодск
33%
Щенкурск
0%
No matching quizzes found
Score Distribution
Percent of People with Each Score
Percentile by Number Answered
Your Score History
You have not taken this quiz